Európske južné observatórium - veľmi veľký ďalekohľad

Bibliographic Details
Main Author: Kulinová, Alena (Adapter)
Format: Article
Language:Slovak
Subjects:

MARC

LEADER 00000nab a2200000 a 4500
001 vtls000711034
003 SK-MaSNL
005 20260305005846.0
008 250429c1999 xo 0 slo
015 |a SNBRB2000/01-03085 
035 |a CLN000063201 
035 |a urn:nbn:sk:snk-abjds 
035 |a (urnnbn)urn:nbn:sk:snk:ar-a04wbj 
035 |a (uuid)12560d6f-4689-47c4-9f83-80ab560ccd2b 
040 |a SNKBUCL  |b slo  |c SNKBUCL  |e AACR2 
041 0 |a slo 
044 |a xo  |c SK 
080 |a 520.2:520.1(83)  |2 1997 
080 |a 520.1(83)  |2 1997 
100 1 |a Kulinová, Alena  |4 adp  |9 812612 
245 1 0 |a Európske južné observatórium - veľmi veľký ďalekohľad  |c pripravila Alena Kulinová 
300 |b Obr., tab. 
610 2 7 |a Európske južné observatórium (Cerro Paranal, Čile)  |2 snkbucl  |9 1584914 
650 0 7 |a ďalekohľady  |2 snkbucl  |9 14882 
655 7 |a články z novín a časopisov  |2 snkbucl  |9 267496 
773 0 |t Kozmos  |g Roč. 30, č. 5 (1999), s. 12-14  |x 0323-049X 
850 |a Slovenská národná knižnica 
852 |a Slovenská národná knižnica 
954 |a odborná, vedecká literatúra pôvodná (slovenská)  |2 lita 
958 |a article27 
958 |a OND 
958 |a EUIPO 
999 |c 3243003  |d 3244933